[Event "Baden-ch op U1600"]
[Site "Birkenfeld"]
[Date "2013.06.01"]
[Round "6"]
[White "Dietz, Kurt"]
[Black "Seeger, Josefine"]
[Result "1/2-1/2"]
[WhiteElo "1462"]
[BlackElo "1420"]
[PlyCount "105"]
[EventDate "2013.05.30"]
[EventType "swiss"]
[EventRounds "7"]
[EventCountry "GER"]
[SourceTitle "EXT 2014"]
[Source "ChessBase"]
[SourceDate "2013.11.20"]
[SourceVersion "1"]
[SourceVersionDate "2013.11.20"]
[SourceQuality "1"]

1. e4 e6 2. d4 d5 3. exd5 exd5 4. Nf3 Bg4 5. Be2 Nf6 6. Nc3 c6 7. 0-0 Be7 8. Bf4 Bxf3 9. Bxf3 0-0 10. h3 Re8 11. a3 Nbd7 12. Re1 Nf8 13. Qd2 Ng6 14. Bg3 Qd7 15. Re2 Bd6 16. Bxd6 Qxd6 17. Rae1 Rxe2 18. Bxe2 Re8 19. Bd3 Rxe1+ 20. Qxe1 Qe7 21. Qxe7 Nxe7 22. Ne2 h6 23. Ng3 g6 24. c3 Kg7 25. f4 Nc8 26. f5 g5 27. Kf2 Nd6 28. Kf3 h5 29. b3 h4 30. Nf1 Nfe4 31. Kg4 Kf6 32. Bxe4 Nxe4 33. c4 dxc4 34. bxc4 Nd6 35. Ne3 a6 36. a4 b6 37. c5 bxc5 38. d5 cxd5 39. Nxd5+ Ke5 40. Ne3 f6 41. a5 c4 42. Kf3 Kd4 43. Ke2 Nb7 44. Ng4 Nd6 45. Nxf6 Nxf5 46. Ne8 Ne7 47. Nc7 Nc6 48. Nxa6 Nxa5 49. Nc7 c3 50. Ne6+ Ke4 51. Nxg5+ Kf5 52. Nf3 Kg6 53. Kd3 1/2-1/2